MDQL
is popping MORE tags! Check the
thread
!
Quizzes
Events
Quiz Creation
Community
Videos
Private Events
Remove Ads
Sign In
Join for FREE
Feedback
Dark Mode
Quiz Categories
Sports
Geography
Music
Movies
Television
Just For Fun
Miscellaneous
History
Literature
Language
Science
Gaming
Entertainment
Religion
Holiday
For Kids
Quiz Lab
Recent
Popular Today
Quiz Kudos Today
Editor Picks
Curator Picks
Quizzes by...
Day
Popularity
Type
Ratings
Length
Year
Community
Subscriptions
Recent Discussions
Orange Saloon
Badges
Playlists
Quests
Create
Leaderboards
Showdown
Live 5
Trivia Bingo
Activity
Puzzle Library
Sporcle Events
Private Events
Virtual Trivia
Globe League
Become a Host
Pub Owners
SporcleCon
Opinionation
Our Games
Videos
Blog
Mobile Apps
Partnerships
Remove Ads and Go Orange
Feedback
Sports
Athletes
MLB
NBA
NHL
NFL
Soccer
Sports Teams
WWE
NCAA
Football
Premier League
Basketball
Baseball
Hockey
Golf
Tennis
Cricket
Rugby
Auto Racing
Olympics
World Cup
Sports
Athletes
MLB
NBA
NHL
NFL
Soccer
Sports Teams
WWE
NCAA
Football
Premier League
Basketball
Baseball
Hockey
Golf
Tennis
Cricket
Rugby
Auto Racing
Olympics
World Cup
Random Quiz
Search Sporcle
×
Quiz Lab
Quiz Lab
Sports
Baseball
Type in answers that appear in a list
Type in answers that appear in a list
Classic
Best Score? Go Orange.
MLB Top 100 Right Now(2020) Stats
Can you name the MLB Top 100 Right Now(2020)?
By
twhelan69
8m
100 Questions
1,615 Plays
1,615 Plays
1,615 Plays
Comments
Comments
Give Quiz Kudos
Give Quiz Kudos
-
- Ratings
hide this ad
Replay
Link that replays current quiz
Next Quiz
Link to next quiz in quiz playlist
You Got
0%
They Got
Avg Score
74%
Avg Friend Score
Upgrade to see
Score Distribution
Jump to the score distribution portion of the page
Score
0/100
Timer
08:00
0
Plays Today
Position/Team
Answer
% Correct
Angels CF
Mike Trout
99.5%
Brewers RF
Christian Yelich
98.1%
Dogers RF
Mookie Betts
97.7%
Dodgers CF
Cody Bellinger
97.4%
Yankees SP
Gerrit Cole
97.3%
Astros 2B
Jose Altuve
97.3%
Pirates 1B
Josh Bell
96.8%
Yankees RF
Aaron Judge
96.7%
Mets SP
Jacob Degrom
96.5%
Rockies 3B
Nolan Arenado
96.5%
Astros 3B
Alex Bregman
96.3%
Braves 1B
Freddie Freeman
96.3%
Astros SP
Justin Verlander
95.8%
Indians SS
Francisco Lindor
95.8%
Braves RF
Ronald Acuna
95.6%
Angels 3B
Anthony Rendon
94.7%
Nationals SP
Max Scherzer
94.6%
Nationals LF
Juan Soto
94.2%
Athletics 3B
Matt Chapman
93.8%
Phillies RF
Bryce Harper
93.5%
Yankees RP
Aroldis Chapman
93.3%
Cubs SS
Javier Baez
92.6%
Rockies SS
Trevor Story
92.4%
Astros CF
George Springer
92.2%
Mets 1B
Pete Alonso
91.5%
Cubs 3B
Kris Bryant
90.9%
Padres SS
Fernando Tatis
89.8%
Cubs 1B
Anthony Rizzo
89.6%
Nationals SP
Stephen Strasburg
89.5%
Dodgers SP
Clayton Kershaw
88.7%
Astros SS
Carlos Correa
88.6%
Red Sox DH
JD Martinez
88%
Red Sox SS
Xander Bogaerts
87.4%
Phillies C
JT Realmuto
86.6%
Position/Team
Answer
% Correct
Nationals SS
Trea Turner
85.1%
Dodgers 3B
Justin Turner
85%
Diamondbacks 2B
Ketel Marte
84%
Twins 3B
Josh Donaldson
82.1%
Yankees SS
Gleyber Torres
81.8%
Athletics 1B
Matt Olson
81.8%
Cardinals 1B
Paul Goldschmidt
81.5%
Padres 3B
Manny Machado
80.7%
Dodgers SP
Walker Buehler
80.1%
Angels SP/
DH
Shohei Ohtani
80%
Red Sox 3B
Rafael Devers
79.9%
Dodgers 1B
Max Muncy
78.9%
Yankees LF
Giancarlo Stanton
78.8%
Braves 2B
Ozzie Albies
78.7%
White Sox C
Yasmani Grandal
78.5%
Indians 3B
Jose Ramirez
78.5%
Twins DH
Nelson Cruz
76.2%
Reds 3B
Eugenio Suarez
76.1%
Athletics SS
Marcus Semien
75.4%
Yankees 2B
DJ Lemahieu
75.2%
Indians SP
Shane Bieber
73.6%
Yankees C
Gary Sanchez
73.1%
Astros LF
Michael Brantley
72.5%
Red Sox SP
Chris Sale
72.1%
Cardinals SP
Jack Flaherty
70.5%
Rays SP
Blake Snell
68.9%
Dodgers SS
Corey Seager
68.8%
Brewers RP
Josh Hader
67%
Blue Jays SP
Hyun-Jin Ryu
66.5%
White Sox 1B
Jose Abreu
66.4%
Nationals SP
Patrick Corbin
65.4%
Astros DH
Yordan Alvarez
65.2%
Rangers RF
Joey Gallo
65.1%
Cubs C
Willson Contreras
63.1%
Position/Team
Answer
% Correct
Phillies SP
Aaron Nola
62.9%
White Sox SS
Tim Anderson
62.9%
Rays SP
Charlie Morton
62.3%
Blue Jays SS
Bo Bichette
61.7%
Rockies RF
Charlie Blackmon
61.6%
Twins 1B
Miguel Sano
61.4%
Astros SP
Zack Greinke
60.1%
Blue Jays 3B
Vlad Guerrero
59.8%
White Sox 3B
Yoan Moncada
59.5%
Royals CF
Whit Merrifield
59.3%
Mets RF
Michael Conforto
56.3%
Indians 1B
Carlos Santana
55.9%
Royals DH
Jorge Soler
55.5%
Indians SP
Mike Clevinger
55.3%
Yankees SP
Luis Severino
55.3%
Mets 3B
Jeff McNeil
54.5%
Twins RF
Max Kepler
53.3%
Rays RF
Austin Meadows
52.9%
Rays SP
Tyler Glasnow
52.7%
Twins C
Mitch Garver
50.9%
Braves SP
Mike Soroka
49.4%
Padres LF
Tommy Pham
48.7%
Padres RP
Kirby Yates
48.6%
Reds SP
Luis Castillo
48.6%
Reds RF
Nick Castellanos
48.3%
Twins SS
Jorge Polanco
47.5%
Athletics CF
Ramon Laureano
44.1%
White Sox LF
Eloy Jimenez
42.6%
Reds 2B
Mike Moustakas
42%
Diamondbacks 3B
Eduardo Escobar
41.7%
Dodgers LF
Joc Pederson
40.3%
Brewers 2B
Keston Hiura
36.4%
Quiz Playlist
Details
Report
Send in Message
Add To Playlist
Classic:
Type in answers that appear in a list
Last Updated: Feb 22, 2020
Quiz Scoreboard
CHALLENGE
Sign Up to Join the Scoreboard
Show All
Scores
Hide
Comments
May contain spoilers
Recently Published
Holiday 10x10 Sorting Gallery
by lukepisani3
Holiday
15m
Two Season TV Shows II
by 123Four
Television
10m
Image Sorting: Flags VI
by Barbecue
Geography
2m
More to Explore
Quiz From the Vault
Featured Blog Post
14 Easter Pick-up Lines to Find Eggs With
hide this ad
You Might Also Like...
Tags
Baseball Quiz
MLB Quiz
Sports Teams Quiz
Today's Top Quizzes in Sports
Browse Sports
hide this ad
Today's Top Quizzes in Baseball
Browse Baseball
Top Contributed Quizzes in Sports
1
Les meilleurs buteurs des matchs entre le PSG et l’OM
2
Les entraîneurs de l'OM et du PSG au 21e siècle
3
2022 World Cup Stars
4
Les joueurs passés par le PSG et l'OM
5
Players with Multiple 50 Home Run Seasons
6
FIFA Club World Cup Champions
7
Criteria MLB: Left Handed Sluggers
8
Les joueurs passés par le LOSC et le RC Lens
9
Top 10 NHL Goal Scorers of All Time
10
NBA Logic Puzzle 2.0
Explore More
Trending Topics
Anime
Marvel
Kpop
Disney
Harry Potter
Crossword
NBA
Country
Puzzle
Pokémon
NFL
Soccer
Song
The Office
WWE
hide this ad
More By:
twhelan69
Quiz
Plays
Rating
Category
Featured
Created
MLB Top 100 Right Now(2020)
1,615
5.00
Sports
Feb 22, 2020
Go to Creator's Profile
Score Distribution
Quiz Creator Spotlight
twhelan69
Follow
Send a Message
Quizzes Created
-
Created Quiz Play Count
-
More By This Creator
Popular Quizzes Today
1
Find the US States - No Outlines Minefield
2
Colored Red Africa Blitz
3
Find the 'City' Movie
4
The Countries of the World
5
5x2 Blitz: Bands
6
Find the Countries of Europe - No Outlines Minefield
7
Find the US States
8
US States
More Sports Quizzes
NHL Point Scoring Leaders
Published
Trending Quizzes
Colored Red Europe Blitz I
Colored Red Europe Blitz II
Colored Red Africa Blitz II
Even More Two Season TV Shows
Colored Red Africa Blitz III
Recently Updated
Odd Team Out - Big 4 Players
pecheneg
Quick Pick: 20 Twenties
pecheneg
March Madness Men's Triple Doubles
pecheneg
How Do You Spell That?
pecheneg
Godzilla Movies
pecheneg
Grab Bag: 4-10 Letters
pecheneg
2024 March Madness Bracket
pecheneg
Famous TV Couples
Peacemaker
Champions League XIs: Real Madrid
pecheneg
Largest US Cities 1790-2010
pecheneg
Trending Topics
Marvel
Crossword
NBA
Anime
Kpop
Harry Potter
Disney
NFL
Puzzle
The Office
Song
WWE
Country
Soccer
Pokémon
Your Account Isn't Verified!
In order to create a playlist on Sporcle, you need to verify the email address you used during registration. Go to your
Sporcle Settings
to finish the process.
Report this User
Report this user for behavior that violates our
Community Guidelines
.
Details:
Send Report
Go to the Sporcle.com Mobile Site →
Comments